El crecimiento mata y genera crisis terminal / (Record no. 178277)

MARC details
000 -LEADER
campo de control de longitud fija 01203nam a2200349 4500
001 - NÚMERO DE CONTROL
campo de control 178277
003 - IDENTIFICADOR DE NÚMERO DE CONTROL
campo de control ES-MaACL
005 - FECHA Y HORA DE LA ÚLTIMA TRANSACCIÓN
campo de control 20251204190901.0
008 - DATOS DE LONGITUD FIJA--INFORMACIÓN GENERAL
campo de control de longitud fija 110524s2009 sp |||| | spa d
020 ## - NÚMERO INTERNACIONAL ESTÁNDAR DEL LIBRO
Número Internacional Estándar del Libro 978-84-8319-440-9
080 ## - NÚMERO DE LA CLASIFICACIÓN DECIMAL UNIVERSAL
Número de la Clasificación Decimal Universal 338.2:504
080 ## - NÚMERO DE LA CLASIFICACIÓN DECIMAL UNIVERSAL
Número de la Clasificación Decimal Universal 330.82(100)
080 ## - NÚMERO DE LA CLASIFICACIÓN DECIMAL UNIVERSAL
Número de la Clasificación Decimal Universal 366
080 ## - NÚMERO DE LA CLASIFICACIÓN DECIMAL UNIVERSAL
Número de la Clasificación Decimal Universal 551.583
100 1# - ENTRADA PRINCIPAL--NOMBRE DE PERSONA
Nombre de persona García Camarero, Julio.
9 (RLIN) 146710
245 13 - MENCIÓN DEL TÍTULO
Título El crecimiento mata y genera crisis terminal /
Mención de responsabilidad, etc. Julio García Camarero.
260 ## - PUBLICACIÓN, DISTRIBUCIÓN, ETC.
Lugar de publicación, distribución, etc. Madrid :
Nombre del editor, distribuidor, etc. Los Libros de la Catarata,
Fecha de publicación, distribución, etc. [2009]
300 ## - DESCRIPCIÓN FÍSICA
Extensión 242 p. ;
Dimensiones 21 cm.
490 1# - MENCIÓN DE SERIE
Mención de serie Investigación y debate ;
Designación de volumen o secuencia 36
504 ## - NOTA DE BIBLIOGRAFÍA, ETC.
Nota de bibliografía, etc. Bibliografía: p. 239-240.
650 07 - PUNTO DE ACCESO ADICIONAL DE MATERIA--TÉRMINO DE MATERIA
Término de materia o nombre geográfico como elemento de entrada Desarrollo sostenible.
9 (RLIN) 11817
650 #7 - PUNTO DE ACCESO ADICIONAL DE MATERIA--TÉRMINO DE MATERIA
Término de materia o nombre geográfico como elemento de entrada Liberalismo económico
Fuente del encabezamiento o término embne
9 (RLIN) 135483
650 07 - PUNTO DE ACCESO ADICIONAL DE MATERIA--TÉRMINO DE MATERIA
Término de materia o nombre geográfico como elemento de entrada Consumismo.
9 (RLIN) 11302
650 07 - PUNTO DE ACCESO ADICIONAL DE MATERIA--TÉRMINO DE MATERIA
Término de materia o nombre geográfico como elemento de entrada Medio ambiente-
Subdivisión general Degradación.
9 (RLIN) 14951
700 1# - ENTRADA AGREGADA--NOMBRE PERSONAL
Nombre de persona Taibo, Carlos,
Fechas asociadas al nombre 1965-
9 (RLIN) 242581
830 0# - PUNTO DE ACCESO ADICIONAL DE SERIE-TÍTULO UNIFORME
Título uniforme Investigación y debate ;
Designación de volumen o secuencia 36
9 (RLIN) 176669
852 ## - LOCALIZACIÓN
Ubicación ES-MaACL
itemnumber 185136
Sublocalización o colección R.145393
Número de control de estantería A-11236
Signatura antigua Olim: N-4240
Ubicación en estantería Depósito 1
Encuadernación Donación: Julio García Camarero
903 ## - NOMBRE PERSONAL DE DONANTE
9 146710
a García Camarero, Julio
e Donante
942 ## - ELEMENTOS DE ENTRADA SECUNDARIOS (KOHA)
Fuente del sistema de clasificación o colocación Clasificación decimal universal
Tipo de ítem Koha Libro impreso
Holdings
Estatus retirado Estado de pérdida Fuente del sistema de clasificación o colocación Estado de daño No para préstamo Biblioteca de origen Biblioteca actual Ubicación en estantería Fecha de adquisición Fuente de adquisición Total de préstamos Signatura topográfica completa Código de barras Visto por última vez Precio de reemplazo Tipo de ítem Koha
    Clasificación decimal universal     Biblioteca del Ateneo de Madrid Biblioteca del Ateneo de Madrid Depósito 1 24/05/2011 Donación   A-11236 1187272 23/02/2023 23/02/2023 Libro impreso